THE WORKS OF ARISTOTLE VOLUME -1, VOLUME -2 (Record no. 581874)

000 -LEADER
fixed length control field 00306nam a22001217a 4500
020 ## - INTERNATIONAL STANDARD BOOK NUMBER
International Standard Book Number 0-85229-163-9
082 ## - DEWEY DECIMAL CLASSIFICATION NUMBER
Classification number 030 GRE'H
100 ## - MAIN ENTRY--PERSONAL NAME
Personal name HUTCHINS, ROBERT M
9 (RLIN) 76481
245 ## - TITLE STATEMENT
Title THE WORKS OF ARISTOTLE VOLUME -1, VOLUME -2
260 ## - PUBLICATION, DISTRIBUTION, ETC.
Place of publication, distribution, etc. CHICAGO
Name of publisher, distributor, etc. WILLIAM BENTON
Date of publication, distribution, etc. 1952
300 ## - PHYSICAL DESCRIPTION
Extent 9 VOLUMES
942 ## - ADDED ENTRY ELEMENTS (KOHA)
Koha item type Book
Holdings
Withdrawn status Lost status Damaged status Not for loan Permanent Location Current Location Shelving location Date acquired Total Checkouts Full call number Barcode Date last seen Price effective from Koha item type
        College of Electrical & Mechanical Engineering (CEME) College of Electrical & Mechanical Engineering (CEME) General Stacks 05/30/2017   030 GRE'H CEME-21781 06/28/2021 06/28/2021 Book
        College of Electrical & Mechanical Engineering (CEME) College of Electrical & Mechanical Engineering (CEME) General Stacks 05/30/2017   030 GRE'H CEME-21782 06/28/2021 06/28/2021 Book
© 2023 Central Library, National University of Sciences and Technology. All Rights Reserved.